[Event "Hamburg HSK Easter op"]
[Site "Hamburg"]
[Date "2024.03.30"]
[Round "4"]
[White "Schell, Franz Juergen"]
[Black "Dorendorf, Mika"]
[Result "0-1"]
[WhiteElo "2029"]
[BlackElo "1833"]
[PlyCount "60"]
[EventDate "2024.03.29"]
[EventType "swiss"]
[EventRounds "7"]
[EventCountry "GER"]
[SourceTitle "CBM 219 Extra"]
[Source "ChessBase"]
[SourceDate "2024.05.31"]
[SourceVersion "1"]
[SourceVersionDate "2024.05.31"]
[SourceQuality "1"]

1. c4 e6 2. g3 d5 3. Bg2 Nf6 4. Nf3 Be7 5. 0-0 0-0 6. b3 Nbd7 7. Bb2 b6 8. cxd5 exd5 9. Nd4 Bb7 10. Nf5 Re8 11. Nxe7+ Qxe7 12. Re1 c5 13. Nc3 Nf8 14. d4 Rad8 15. e3 Qd7 16. dxc5 bxc5 17. Na4 Qd6 18. Bxf6 gxf6 19. Rc1 Nd7 20. Qg4+ Kh8 21. Red1 Bc6 22. Rd2 Ne5 23. Qd1 Bxa4 24. Rxd5 Bxb3 25. Qxb3 Qa6 26. Bf1 c4 27. Rxd8 Rxd8 28. Bxc4 Qc6 29. Qc2 Nxc4 30. Qxc4 Rd1+ 0-1

[Event "Hamburg HSK Easter op"]
[Site "Hamburg"]
[Date "2024.03.29"]
[Round "2"]
[White "Ihlow, Florian"]
[Black "Schell, Franz Juergen"]
[Result "0-1"]
[WhiteElo "1604"]
[BlackElo "2029"]
[PlyCount "72"]
[EventDate "2024.03.29"]
[EventType "swiss"]
[EventRounds "7"]
[EventCountry "GER"]
[SourceTitle "CBM 219 Extra"]
[Source "ChessBase"]
[SourceDate "2024.05.31"]
[SourceVersion "1"]
[SourceVersionDate "2024.05.31"]
[SourceQuality "1"]

1. Nc3 c5 2. e4 Nc6 3. Nf3 e6 4. Bc4 a6 5. a4 Qc7 6. 0-0 Nf6 7. d3 Be7 8. Ne2 d5 9. exd5 exd5 10. Bb3 Bg4 11. Bf4 Bd6 12. Bxd6 Qxd6 13. Nd2 0-0 14. Re1 Rfe8 15. Nf1 Nd4 16. Ne3 Bxe2 17. Rxe2 Nxe2+ 18. Qxe2 Qe5 19. Qd2 Qxb2 20. Rd1 Qe5 21. d4 cxd4 22. Qxd4 Qxd4 23. Rxd4 Re4 24. Rd1 d4 25. Nd5 Rd8 26. f3 Re5 27. Nc3 Ree8 28. Nb1 Nd5 29. Nd2 Nc3 30. Rf1 Re2 31. Rf2 Rde8 32. Ne4 Re1+ 33. Rf1 Rxf1+ 34. Kxf1 Nxe4 35. fxe4 Rxe4 36. Bd5 Re7 0-1

[Event "Hamburg Easter op"]
[Site "Hamburg"]
[Date "2023.04.09"]
[Round "6"]
[White "Popvasilev, Kalojan"]
[Black "Schell, Franz Juergen"]
[Result "1-0"]
[WhiteElo "2223"]
[BlackElo "2068"]
[PlyCount "39"]
[EventDate "2023.04.07"]
[EventType "swiss"]
[EventRounds "7"]
[EventCountry "GER"]
[SourceTitle "EXT 2024"]
[Source "ChessBase"]
[SourceDate "2023.10.10"]
[SourceVersion "1"]
[SourceVersionDate "2023.10.10"]
[SourceQuality "1"]

1. e4 e5 2. Nf3 d6 3. Nc3 Nd7 4. d4 Ngf6 5. Bc4 Be7 6. a4 0-0 7. 0-0 c6 8. a5 Qc7 9. Re1 Rb8 10. Bb3 b5 11. axb6 axb6 12. d5 cxd5 13. exd5 b5 14. Qe2 Nc5 15. Nxb5 Qb6 16. Bc4 Nfe4 17. b4 Bd7 18. bxc5 Nxc5 19. Nc3 f5 20. Nxe5 1-0

[Event "Reinstorf op"]
[Site "Reinstorf"]
[Date "2022.02.06"]
[Round "9"]
[White "Pellicoro, Nathalie"]
[Black "Schell, Franz Juergen"]
[Result "1-0"]
[WhiteElo "1835"]
[BlackElo "1969"]
[PlyCount "45"]
[EventDate "2022.01.29"]
[EventType "swiss"]
[EventRounds "9"]
[EventCountry "GER"]
[SourceTitle "CBM 206 Extra"]
[Source "ChessBase"]
[SourceDate "2022.03.31"]
[SourceVersion "1"]
[SourceVersionDate "2022.03.31"]
[SourceQuality "1"]

1. e4 c5 2. Nf3 e6 3. b3 d6 4. Bb2 Nf6 5. e5 dxe5 6. Nxe5 Be7 7. Bb5+ Nbd7 8. 0-0 0-0 9. f4 a6 10. Bd3 Qc7 11. Qf3 b5 12. Qh3 g6 13. Na3 Re8 14. Rae1 Bf8 15. Nxd7 Nxd7 16. f5 Nb6 17. fxg6 fxg6 18. Bxg6 Re7 19. Be5 Qd7 20. Re3 Qxd2 21. Rg3 h6 22. Bf7+ Kh7 23. Bg8# 1-0

[Event "Reinstorf Blitz op"]
[Site "Reinstorf"]
[Date "2022.02.04"]
[Round "1"]
[White "Schell, Franz Juergen"]
[Black "Lalla, Karol"]
[Result "1/2-1/2"]
[WhiteElo "1969"]
[BlackElo "1520"]
[PlyCount "45"]
[EventDate "2022.01.29"]
[EventType "swiss (blitz)"]
[EventRounds "9"]
[EventCountry "GER"]
[SourceTitle "CBM 206 Extra"]
[Source "ChessBase"]
[SourceDate "2022.03.31"]
[SourceVersion "1"]
[SourceVersionDate "2022.03.31"]
[SourceQuality "1"]

1. e4 g6 2. d4 Bg7 3. Nc3 c5 4. Nf3 Qb6 5. dxc5 Qxc5 6. Be2 Nc6 7. 0-0 d6 8. Be3 Qa5 9. Nd4 Bd7 10. Nb3 Qc7 11. Nd5 Qd8 12. c3 e6 13. Nf4 Nge7 14. Qxd6 0-0 15. Rad1 Ne5 16. Bd4 Nc8 17. Qa3 Qe7 18. Bc5 Qe8 19. Bxf8 Bxf8 20. Qa5 b6 21. Qxe5 Bg7 22. Qc7 Bb5 23. Rd8 1/2-1/2